Design of concrete structures (Record no. 3628)

000 -LEADER
fixed length control field 00663nam a2200229 a 4500
001 - CONTROL NUMBER
control field 3628
003 - CONTROL NUMBER IDENTIFIER
control field BD-DhUET
008 - FIXED-LENGTH DATA ELEMENTS--GENERAL INFORMATION
fixed length control field 850621s1985 enka b 101 0 eng
020 ## - INTERNATIONAL STANDARD BOOK NUMBER
International Standard Book Number 007Y665486
040 ## - CATALOGING SOURCE
Original cataloging agency DLC
Transcribing agency DLC
Modifying agency BD-DhUET
082 00 - DEWEY DECIMAL CLASSIFICATION NUMBER
Classification number 624.183
Item number NIL/1986
100 ## - MAIN ENTRY--PERSONAL NAME
Personal name Nilson, Arthur H.
245 00 - TITLE STATEMENT
Title Design of concrete structures
Statement of responsibility, etc. by Arthur H. Nilson and George Winter
250 ## - EDITION STATEMENT
Edition statement 10th ed.
260 ## - PUBLICATION, DISTRIBUTION, ETC. (IMPRINT)
Place of publication, distribution, etc. New York:
Name of publisher, distributor, etc. McGraw Hill Book Company,
Date of publication, distribution, etc. 1986.
300 ## - PHYSICAL DESCRIPTION
Extent xi, 380 p. :
Other physical details ill. ;
Dimensions 23 cm.
490 ## - SERIES STATEMENT
Series statement Civil engineering series
504 ## - BIBLIOGRAPHY, ETC. NOTE
Bibliography, etc Includes bibliographies
650 #0 - SUBJECT ADDED ENTRY--TOPICAL TERM
Topical term or geographic name as entry element Reinforced concrete
700 ## - ADDED ENTRY--PERSONAL NAME
Personal name Winter, George
942 ## - ADDED ENTRY ELEMENTS (KOHA)
Koha item type General Book
Holdings
Piece designation (barcode) Shelving location Date acquired Koha date last borrowed Copy number Damaged status Price effective from Koha renewals Sublocation or collection (holding branch) Koha date last seen Not for loan Koha normalized classification for sorting Location (home branch) Koha full call number Lost status Source of classification or shelving scheme Koha item type Koha issues (times borrowed) Koha out on loan Withdrawn status
77873Circulation section2014-11-022026-02-231 2014-11-021Central Library, BUET2026-02-23 624_000000000000000_183NIL1986Central Library, BUET624.183/NIL/1986  General Book62027-02-23 
77816Rental section1990-10-23 ১০/ক-১ 2024-12-04 Central Library, BUET2024-12-04 624_183000000000000_NIL_1986Central Library, BUET624.183 NIL/1986  Rental Item   
77817Rental section1990-10-23 ১০/ক-২ 2024-12-04 Central Library, BUET2024-12-04 624_183000000000000_NIL_1986Central Library, BUET624.183 NIL/1986  Rental Item   
77818Rental section1990-10-23 ১০/ক-৩ 2024-12-04 Central Library, BUET2024-12-04 624_183000000000000_NIL_1986Central Library, BUET624.183 NIL/1986  Rental Item   
77819Rental section1990-10-23 ১০/ক-৪ 2024-12-04 Central Library, BUET2024-12-04 624_183000000000000_NIL_1986Central Library, BUET624.183 NIL/1986  Rental Item   
77820Rental section1990-10-23 ১০/ক-৫ 2024-12-04 Central Library, BUET2024-12-04 624_183000000000000_NIL_1986Central Library, BUET624.183 NIL/1986  Rental Item   
77821Rental section1990-10-23 ১০/ক-৬ 2024-12-04 Central Library, BUET2024-12-04 624_183000000000000_NIL_1986Central Library, BUET624.183 NIL/1986  Rental Item   
77822Rental section1990-10-23 ১০/ক-৭ 2024-12-04 Central Library, BUET2024-12-04 624_183000000000000_NIL_1986Central Library, BUET624.183 NIL/1986  Rental Item   
77823Rental section1990-10-23 ১০/ক-৮ 2024-12-04 Central Library, BUET2024-12-04 624_183000000000000_NIL_1986Central Library, BUET624.183 NIL/1986  Rental Item   
77824Rental section1990-10-23 ১০/ক-৯ 2024-12-04 Central Library, BUET2024-12-04 624_183000000000000_NIL_1986Central Library, BUET624.183 NIL/1986  Rental Item   
77825Rental section1990-10-23 ১০/ক-১০ 2024-12-04 Central Library, BUET2024-12-04 624_183000000000000_NIL_1986Central Library, BUET624.183 NIL/1986  Rental Item   
77826Rental section1990-10-23 ১০/ক-১১ 2024-12-04 Central Library, BUET2024-12-04 624_183000000000000_NIL_1986Central Library, BUET624.183 NIL/1986  Rental Item   
77827Rental section1990-10-23 ১০/ক-১২ 2024-12-04 Central Library, BUET2024-12-04 624_183000000000000_NIL_1986Central Library, BUET624.183 NIL/1986  Rental Item   
77828Rental section1990-10-23 ১০/ক-১৩ 2024-12-04 Central Library, BUET2024-12-04 624_183000000000000_NIL_1986Central Library, BUET624.183 NIL/1986  Rental Item   
77829Rental section1990-10-23 ১০/ক-১৪ 2024-12-04 Central Library, BUET2024-12-04 624_183000000000000_NIL_1986Central Library, BUET624.183 NIL/1986  Rental Item   
77830Rental section1990-10-23 ১০/ক-১৫ 2024-12-04 Central Library, BUET2024-12-04 624_183000000000000_NIL_1986Central Library, BUET624.183 NIL/1986  Rental Item   
77831Rental section1990-10-23 ১০/ক-১৬ 2024-12-04 Central Library, BUET2024-12-04 624_183000000000000_NIL_1986Central Library, BUET624.183 NIL/1986  Rental Item   
77832Rental section1990-10-23 ১০/ক-১৭ 2024-12-04 Central Library, BUET2024-12-04 624_183000000000000_NIL_1986Central Library, BUET624.183 NIL/1986  Rental Item   
77833Rental section1990-10-23 ১০/ক-১৮ 2024-12-04 Central Library, BUET2024-12-04 624_183000000000000_NIL_1986Central Library, BUET624.183 NIL/1986  Rental Item   
77834Rental section1990-10-23 ১০/ক-১৯ 2024-12-04 Central Library, BUET2024-12-04 624_183000000000000_NIL_1986Central Library, BUET624.183 NIL/1986  Rental Item   
77835Rental section1990-10-23 ১০/ক-২০ 2024-12-04 Central Library, BUET2024-12-04 624_183000000000000_NIL_1986Central Library, BUET624.183 NIL/1986  Rental Item